Teoría y problemas de economía internacional

Guardat en:
Dades bibliogràfiques
Autor principal: Salvatore, Dominick (Autor)
Format: Llibre
Idioma:anglès
Publicat: Bogotá McGraw-Hill 1977
Col·lecció:Serie de Compendios Schaum
Matèries:
Etiquetes: Afegir etiqueta
Sense etiquetes, Sigues el primer a etiquetar aquest registre!

MARC

LEADER 00000nam a2200000 a 4500
001 UCX8815
003 CL-VaPUC
008 940502e19770000CK |||||||||||||||||eng|d
082 0 4 |a 337.076  |b SAL  |2 21 
100 0 |a Salvatore, Dominick  |e author  |9 326030 
245 1 0 |a Teoría y problemas de economía internacional 
246 1 0 |a Economía Internacional 
300 |a 190 p 
942 |c BK 
945 |d 19940502 00:00:00  |a mfernand 
260 |a Bogotá  |b McGraw-Hill  |c 1977 
650 0 |a Economía internacional  |9 258254 
650 0 |a Problemas, ejercicios, etc  |9 259377 
650 0 |a Finanzas internacionales   |9 255570 
583 |a last modification  |c 19940502 00:00:00  |k Rodrigo Vera 
490 0 |a Serie de Compendios Schaum 
999 |c 228211  |d 228209 
952 |0 0  |1 0  |4 0  |6 337_076000000000000_SAL_1977  |7 0  |8 A  |9 228017  |a BIBING  |b BIBING  |d 2019-11-15  |i 1717715  |o 337.076 SAL 1977  |p 1717715  |r 2025-01-20  |w 2019-11-15  |y BK  |k ING 
952 |0 0  |1 0  |4 0  |6 337_076000000000000_SAL_1977  |7 0  |8 A  |9 228018  |a BIBENE  |b BIBENE  |d 2019-11-15  |i 1401556  |o 337.076 SAL 1977  |p 1401556  |r 2025-01-15  |w 2019-11-15  |y BK  |k ICO